[Event "GBR-ch 100th"]
[Site "Torquay"]
[Date "2013.08.09"]
[Round "11"]
[White "Rudd, Jack"]
[Black "Yeo, Michael J"]
[Result "1/2-1/2"]
[WhiteElo "2280"]
[BlackElo "2170"]
[PlyCount "61"]
[EventDate "2013.07.29"]
[EventType "swiss"]
[EventRounds "11"]
[EventCountry "GBR"]
[Source "John Saunders"]
[SourceDate "2015.07.24"]

1. e4 e5 2. Nf3 Nc6 3. Bc4 Nf6 4. Ng5 d5 5. exd5 Na5 6. Bb5+ c6 7. dxc6 bxc6 8.
Bd3 Ng4 9. Ne4 f5 10. Be2 h5 11. h3 fxe4 12. hxg4 Bc5 13. c3 O-O 14. Qa4 Bxf2+
15. Kd1 Bxg4 16. Bxg4 hxg4 17. Qxe4 Qd5 18. Qh7+ Kf7 19. b3 Qxg2 20. Rh5 Bh4
21. Rxe5 Qf3+ 22. Kc2 Rh8 23. Qf5+ Qxf5+ 24. Rxf5+ Bf6 25. Rxa5 g3 26. Ba3 g2
27. Bc5 Rh1 28. Rxa7+ Rxa7 29. Bxa7 Be7 30. Be3 Bg5 31. Bd4 1/2-1/2

[Event "GBR-ch 100th"]
[Site "Torquay"]
[Date "2013.08.09"]
[Round "11"]
[White "Shaw, Peter"]
[Black "Eames, Robert"]
[Result "1/2-1/2"]
[WhiteElo "2164"]
[BlackElo "2244"]
[PlyCount "82"]
[EventDate "2013.07.29"]
[EventType "swiss"]
[EventRounds "11"]
[EventCountry "GBR"]
[Source "John Saunders"]
[SourceDate "2015.07.24"]

1. d4 Nf6 2. c4 e6 3. Nc3 Bb4 4. Qc2 c5 5. dxc5 Bxc5 6. Nf3 Qb6 7. e3 Qc7 8. a3
b6 9. b4 Be7 10. Bb2 a6 11. Bd3 d6 12. O-O Bb7 13. Rac1 Nbd7 14. Rfd1 Rc8 15.
Ne4 Qb8 16. Nxf6+ gxf6 17. Qe2 Qa8 18. e4 Rg8 19. Nd2 Ne5 20. f3 a5 21. Kh1 Rg6
22. Bd4 axb4 23. axb4 Qa3 24. Rc3 Qxb4 25. Rb3 Qa4 26. Ra1 Qd7 27. Rxb6 Bc6 28.
Nf1 Kf8 29. Rb3 Kg7 30. Ra7 Rc7 31. Rxc7 Qxc7 32. Qa2 Kh8 33. Be2 d5 34. cxd5
exd5 35. Ng3 dxe4 36. fxe4 Bd7 37. Qb2 Rg8 38. Rb7 Qd6 39. Rb6 Qc7 40. Rb7 Qd6
41. Rb6 Qc7 1/2-1/2

[Event "GBR-ch 100th"]
[Site "Torquay"]
[Date "2013.08.09"]
[Round "11"]
[White "Tambini, Jasper"]
[Black "Carr, Neil L"]
[Result "0-1"]
[WhiteElo "1979"]
[BlackElo "2290"]
[PlyCount "74"]
[EventDate "2013.07.29"]
[EventType "swiss"]
[EventRounds "11"]
[EventCountry "GBR"]
[Source "John Saunders"]
[SourceDate "2015.07.24"]

1. e4 c5 2. Nc3 Nc6 3. f4 g6 4. Nf3 Bg7 5. Bb5 Nd4 6. O-O a6 7. Bd3 d6 8. Nxd4
Bxd4+ 9. Kh1 h5 10. Ne2 Bg7 11. c3 h4 12. h3 d5 13. e5 Nh6 14. Bc2 Bf5 15. d4
c4 16. Be3 Qd7 17. Kh2 Bxc2 18. Qxc2 Nf5 19. Bf2 e6 20. Ng1 Bh6 21. Qd2 Qe7 22.
Nf3 O-O-O 23. b3 cxb3 24. axb3 Rdg8 25. b4 g5 26. b5 g4 27. bxa6 gxf3 28. axb7+
Qxb7 29. gxf3 Kd7 30. Rfb1 Qc7 31. Rb5 Ra8 32. Rd1 Rhb8 33. Rc5 Qa7 34. Rc1 Qa2
35. Rc2 Bxf4+ 36. Qxf4 Qxc2 37. Rxd5+ exd5 0-1

[Event "GBR-ch 100th"]
[Site "Torquay"]
[Date "2013.08.09"]
[Round "11"]
[White "Wadsworth, Matthew J"]
[Black "Kosten, Anthony C"]
[Result "1/2-1/2"]
[WhiteElo "2136"]
[BlackElo "2458"]
[PlyCount "91"]
[EventDate "2013.07.29"]
[EventType "swiss"]
[EventRounds "11"]
[EventCountry "GBR"]
[Source "John Saunders"]
[SourceDate "2015.07.24"]

1. e4 e5 2. Nf3 Nc6 3. Bb5 a6 4. Ba4 Nf6 5. O-O b5 6. Bb3 Be7 7. Re1 d6 8. c3
O-O 9. h3 Na5 10. Bc2 c5 11. d4 Qc7 12. d5 Re8 13. b3 Bd7 14. Nbd2 c4 15. b4
Nb7 16. a4 a5 17. bxa5 Rxa5 18. Bb2 bxa4 19. Bxa4 Rea8 20. Bxd7 Nxd7 21. Rxa5
Nxa5 22. Ba3 Nb3 23. Bb4 Nxd2 24. Qxd2 Nc5 25. Bxc5 Qxc5 26. Qb2 f5 27. Qb7 Ra7
28. Qb8+ Kf7 29. exf5 Ra2 30. Rf1 Qxd5 31. Qc7 Kf6 32. Rb1 Qc5 33. Qxc5 dxc5
34. g4 Ra6 35. Nd2 Kg5 36. Rb7 Bf6 37. Kg2 Kf4 38. Nxc4 Ra2 39. Rb2 Rxb2 40.
Nxb2 e4 41. Na4 h5 42. Nxc5 hxg4 43. hxg4 Bxc3 44. Kf1 Kxg4 45. Nxe4 Be5 46.
Ke2 1/2-1/2

[Event "GBR-ch 100th"]
[Site "Torquay"]
[Date "2013.08.09"]
[Round "11"]
[White "Walker, Samuel"]
[Black "Tavares, Shawn P"]
[Result "1-0"]
[WhiteElo "1978"]
[BlackElo "2178"]
[PlyCount "83"]
[EventDate "2013.07.29"]
[EventType "swiss"]
[EventRounds "11"]
[EventCountry "GBR"]
[Source "John Saunders"]
[SourceDate "2015.07.24"]

1. g3 g6 2. Bg2 Bg7 3. c4 c5 4. Nc3 Nc6 5. Nf3 d6 6. O-O Nf6 7. d4 cxd4 8. Nxd4
Bd7 9. b3 O-O 10. Bb2 a6 11. e4 Rc8 12. Nxc6 Bxc6 13. Qd2 Qa5 14. Rfd1 Qh5 15.
h3 Bd7 16. g4 Qc5 17. Na4 Bxa4 18. Bd4 Qc7 19. bxa4 Qxc4 20. Qb2 Qxa4 21. Qxb7
Rc4 22. Be3 Nd7 23. Rab1 Rfc8 24. Bf1 R4c7 25. Qxa6 Qxe4 26. Bg2 Qe6 27. Bd5
Qf6 28. Rb7 Nf8 29. Rxc7 Rxc7 30. a4 Qh4 31. Kg2 Be5 32. Qb5 e6 33. Bf3 Rc2 34.
Rd2 Rc3 35. Re2 Qf6 36. a5 d5 37. a6 Bd4 38. g5 Qe5 39. Bd2 Rc5 40. Qb4 Rc4 41.
Rxe5 Rxb4 42. Bxb4 1-0

[Event "GBR-ch 100th"]
[Site "Torquay"]
[Date "2013.08.09"]
[Round "11"]
[White "Ward, Christopher"]
[Black "Mackle, Dominic"]
[Result "1-0"]
[WhiteElo "2432"]
[BlackElo "2216"]
[PlyCount "95"]
[EventDate "2013.07.29"]
[EventType "swiss"]
[EventRounds "11"]
[EventCountry "GBR"]
[Source "John Saunders"]
[SourceDate "2015.07.24"]

1. d4 d5 2. Nf3 Nf6 3. c4 c6 4. Nc3 a6 5. c5 Nbd7 6. Bf4 Nh5 7. Bg5 h6 8. Bd2
g6 9. e4 dxe4 10. Nxe4 Bg7 11. Bc4 Nhf6 12. Nc3 b5 13. cxb6 Nxb6 14. Bb3 Nfd5
15. Ne5 Be6 16. O-O Qd6 17. Ne4 Qc7 18. Rc1 Bxe5 19. dxe5 Qxe5 20. Re1 Qg7 21.
Rxc6 O-O 22. Nc5 Bf5 23. g4 Rac8 24. Rxc8 Rxc8 25. gxf5 Rxc5 26. fxg6 Qxg6+ 27.
Kh1 Kh7 28. Qf3 Nf6 29. Rxe7 Nbd5 30. Re1 a5 31. a4 Nb4 32. Rg1 Qe4 33. Qxe4+
Nxe4 34. Be3 Rf5 35. Kg2 Kg6 36. Rd1 h5 37. Rd4 Nc5 38. Rxb4 axb4 39. Bc2 Nxa4
40. Bxa4 Rd5 41. Bb3 Rd8 42. Bc4 Rc8 43. b3 f6 44. Bd2 Rb8 45. Kf3 Kf5 46. Bd3+
Ke6 47. Ke4 Rb7 48. Bc4+ 1-0

[Event "GBR-ch 100th"]
[Site "Torquay"]
[Date "2013.08.09"]
[Round "11"]
[White "Waters, Clive L"]
[Black "Scott, Gordon W"]
[Result "1/2-1/2"]
[WhiteElo "2129"]
[BlackElo "2039"]
[PlyCount "40"]
[EventDate "2013.07.29"]
[EventType "swiss"]
[EventRounds "11"]
[EventCountry "GBR"]
[Source "John Saunders"]
[SourceDate "2015.07.24"]

1. Nf3 c5 2. c4 Nc6 3. Nc3 Nd4 4. e3 Nxf3+ 5. Qxf3 g6 6. Qd1 Bg7 7. Be2 Nf6 8.
O-O d5 9. cxd5 Nxd5 10. Qa4+ Bd7 11. Qb3 Nb6 12. Ne4 Qc7 13. d3 O-O 14. Bd2 Bf5
15. Rac1 c4 16. Qa3 Qd8 17. Nc5 cxd3 18. Bf3 Qd6 19. Rfd1 Nd7 20. b4 Be5
1/2-1/2

[Event "GBR-ch 100th"]
[Site "Torquay"]
[Date "2013.08.09"]
[Round "11"]
[White "Weaving, Richard"]
[Black "Knott, Simon JB"]
[Result "1-0"]
[WhiteElo "2196"]
[BlackElo "2318"]
[PlyCount "107"]
[EventDate "2013.07.29"]
[EventType "swiss"]
[EventRounds "11"]
[EventCountry "GBR"]
[Source "John Saunders"]
[SourceDate "2015.07.24"]

1. e4 e6 2. d4 d5 3. Nd2 c5 4. exd5 Qxd5 5. Ngf3 cxd4 6. Bc4 Qd6 7. O-O Nf6 8.
Nb3 Nc6 9. Nbxd4 Nxd4 10. Nxd4 a6 11. Re1 Qc7 12. Qe2 Bd6 13. Bg5 O-O 14. Bd3
Bxh2+ 15. Kf1 Bf4 16. Bxf6 gxf6 17. g3 Rd8 18. c3 Be5 19. Qh5 Kf8 20. Qxh7 Bd7
21. Nf3 Bxg3 22. fxg3 Qxg3 23. Re3 Bc6 24. Qh4 Qxh4 25. Nxh4 Rxd3 26. Rxd3 Bb5
27. Rad1 Ke7 28. Kf2 Bxd3 29. Rxd3 Rh8 30. Nf3 Rh1 31. Rd2 e5 32. Ne1 f5 33.
Nd3 Rh2+ 34. Ke1 Rh1+ 35. Ke2 Rh2+ 36. Kd1 Rxd2+ 37. Kxd2 Kd6 38. Ke3 b6 39. b3
f6 40. Nb4 a5 41. Nc2 Kd5 42. a4 f4+ 43. Kf3 Ke6 44. Na3 Kd5 45. Nc4 Kc5 46.
Nd2 b5 47. Ne4+ Kc6 48. axb5+ Kxb5 49. Nxf6 a4 50. bxa4+ Kxa4 51. Ke4 Kb3 52.
Kd3 Ka4 53. Kc4 f3 54. Ne4 1-0

[Event "GBR-ch 100th"]
[Site "Torquay"]
[Date "2013.08.09"]
[Round "11"]
[White "Wells, Peter K"]
[Black "Hebden, Mark"]
[Result "1/2-1/2"]
[WhiteElo "2479"]
[BlackElo "2555"]
[PlyCount "96"]
[EventDate "2013.07.29"]
[EventType "swiss"]
[EventRounds "11"]
[EventCountry "GBR"]
[Source "John Saunders"]
[SourceDate "2015.07.24"]

1. e4 e5 2. Nf3 Nc6 3. d4 exd4 4. Nxd4 Bc5 5. Be3 Qf6 6. c3 Qg6 7. Qf3 Nge7 8.
Nb5 Bxe3 9. Qxe3 O-O 10. Nxc7 Rb8 11. Nd2 f5 12. f4 fxe4 13. Bc4+ Kh8 14. Qxe4
Qd6 15. Nb5 Qc5 16. b4 d5 17. bxc5 dxe4 18. O-O Na5 19. Rae1 Bf5 20. Nd6 b6 21.
N2xe4 Nxc4 22. Nxc4 bxc5 23. Ncd6 Bxe4 24. Rxe4 Nd5 25. c4 Nc3 26. Re7 Rb6 27.
Nf7+ Kg8 28. Ng5 Rb2 29. Ne6 Rf6 30. Rxg7+ Kh8 31. Re7 Kg8 32. Rg7+ Kh8 33. Re7
Kg8 34. Re1 Ne2+ 35. Kf1 Nd4 36. Re8+ Kf7 37. Nxd4 cxd4 38. R1e7+ Kg6 39. Rg8+
Kf5 40. g3 Ra6 41. Re5+ Kf6 42. Re2 Raxa2 43. Rf8+ Kg6 44. Rxb2 Rxb2 45. Rd8
Rxh2 46. Rxd4 Kf5 47. Rd3 Rc2 48. Ra3 Kg4 1/2-1/2

[Event "GBR-ch 100th"]
[Site "Torquay"]
[Date "2013.08.09"]
[Round "11"]
[White "Zhou, Yang Fan"]
[Black "Gormally, Daniel"]
[Result "1/2-1/2"]
[WhiteElo "2469"]
[BlackElo "2496"]
[PlyCount "100"]
[EventDate "2013.07.29"]
[EventType "swiss"]
[EventRounds "11"]
[EventCountry "GBR"]
[Source "John Saunders"]
[SourceDate "2015.07.24"]

1. e4 c5 2. Nf3 d6 3. d4 cxd4 4. Qxd4 a6 5. h3 Nc6 6. Qe3 Nf6 7. c4 e6 8. Be2
Be7 9. O-O O-O 10. Rd1 Qc7 11. Nc3 Ne5 12. b3 Nxf3+ 13. Qxf3 Bd7 14. Bb2 Bc6
15. Rd2 Qa5 16. Rad1 Rfd8 17. Qe3 Qc5 18. Qxc5 dxc5 19. Bd3 Nd7 20. f4 Nf8 21.
Kf2 Rd7 22. Ke3 Rad8 23. g3 f6 24. h4 Rb8 25. Ne2 b5 26. g4 bxc4 27. Bxc4 Rxd2
28. Rxd2 Bb5 29. Rc2 Kf7 30. f5 Bd6 31. Nc1 Bxc4 32. Rxc4 Nd7 33. Nd3 Rc8 34.
Ba3 g6 35. b4 Nb6 36. Rc1 cxb4 37. fxg6+ Kxg6 38. Rxc8 Nxc8 39. Bxb4 Bxb4 40.
Nxb4 h5 41. gxh5+ Kxh5 42. Nxa6 Kxh4 43. Kf4 Ne7 44. Nb4 e5+ 45. Ke3 Kg5 46. a4
f5 47. a5 Nc8 48. Nd5 fxe4 49. Kxe4 Nd6+ 50. Kd3 Nb7 1/2-1/2